| 000 | 01238nam a2200301 a 4500 | ||
|---|---|---|---|
| 001 | ebr5004014 | ||
| 003 | CaPaEBR | ||
| 006 | m u | ||
| 007 | cr cn||||||||| | ||
| 008 | 981104s1999 enk sb 001 0 eng | ||
| 010 | _z 98045895 | ||
| 020 | _z1853027413 (pb : alk. paper) | ||
| 040 |
_aCaPaEBR _cCaPaEBR |
||
| 035 | _a(OCoLC)55081881 | ||
| 050 | 1 | 4 |
_aRJ506.H9 _bH65 1999eb |
| 082 | 0 | 4 |
_a618.92/8589 _221 |
| 100 | 1 |
_aHolowenko, Henryk, _d1955- |
|
| 245 | 1 | 0 |
_aAttention deficit/hyperactivity disorder _h[electronic resource] : _ba multidisciplinary approach / _cHenryk Holowenko. |
| 260 |
_aLondon ; _aPhiladelphia : _bJessica Kingsley, _c1999. |
||
| 300 | _a107 p. | ||
| 504 | _aIncludes bibliographical references (p. 87-94) and indexes. | ||
| 533 |
_aElectronic reproduction. _bPalo Alto, Calif. : _cebrary, _d2013. _nAvailable via World Wide Web. _nAccess may be limited to ebrary affiliated libraries. |
||
| 650 | 0 | _aAttention-deficit hyperactivity disorder. | |
| 650 | 0 | _aAttention-deficit-disordered children. | |
| 655 | 7 |
_aElectronic books. _2local |
|
| 710 | 2 | _aebrary, Inc. | |
| 856 | 4 | 0 |
_uhttp://site.ebrary.com/lib/rucke/Doc?id=5004014 _zAn electronic book accessible through the World Wide Web; click to view |
| 999 |
_c698 _d698 |
||